000
00421nam a2200145Ia 4500
008
100204s9999 xx 000 0 und d
082
_b
13305
100
_a
देशमुख लक्ष्मीकांत
245
_a
सलोमी
260
_b
"अंजली प्रकाशन, पुणे"
_c
1990
300
_a
144
630
_a
सलोमी
730
_a
सलोमी
942
_c
BOOK
999
_c
457737
_d
457734